Länder nach Personen in Europa - Statistiken

Allgemein
  • Dieses Quiz wurde 228 mal gespielt
  • Das Durchschnittsergebnis liegt bei 8 aus 10
Antwortstatistiken
Hint Antwort % Korrekt
Napoleon Bonaparte Frankreich
100%
Wolfgang Amadeus Mozart Österreich
100%
Karl Marx Deutschland
96%
Wladimir Lenin Russland
94%
Dracula Rumänien
93%
Galileo Galilei Italien
89%
Andrij Schewtschenko Ukraine
89%
Salvador Dalí Spanien
74%
Edvard Munch Norwegen
45%
Henry Dunant Schweiz
45%
Keine übereinstimmenden Quizze gefunden
Verteilung der Resultate
Anzahl Personen mit jedem Resultat
Perzentil nach korrekt beantworteten Fragen
Ihre Resultats-Entwicklung
Sie haben dieses Quiz noch nicht gespielt